| 000 | 00558nam a2200169 i 4500 | ||
|---|---|---|---|
| 001 | 27703 | ||
| 003 | ES-MaACL | ||
| 007 | t| | ||
| 008 | 030115s1911 fr ||||1| fre d | ||
| 100 | 1 |
_aAugier, Charles. _923889 |
|
| 245 | 1 | 3 |
_aLa politique donanière de la France dans ses rapports avec celle des autres Etats / _cpar Charles Augier et Angel Marvand... ; préface de L. L. Klotz. |
| 260 |
_aParis : _bAlcan, _c1911. |
||
| 300 |
_aVI, 406 p. ; _c23 cm. |
||
| 700 | 1 |
_aMarvand, Angel. _978578 |
|
| 700 | 1 |
_aKlotz, L. L. _968303 |
|
| 852 |
_aES-MaACL _jG-7172 |
||
| 999 |
_c27703 _d27703 |
||